| 000 | 00432nam a22001817a 4500 | ||
|---|---|---|---|
| 005 | 20200521101915.0 | ||
| 008 | 200521b xxu||||| |||| 00| 0 eng d | ||
| 020 | _a8174732756 | ||
| 041 | _aeng | ||
| 082 | _a614.072 | ||
| 110 |
_aWHO _95582 |
||
| 245 | _aManual of Basic Techniques for a Health Laboratory | ||
| 250 | _a2'nd | ||
| 260 |
_aDelhi _bAITBS PUBLISHERS |
||
| 300 | _a321p. | ||
| 650 |
_aPharmacy _95667 |
||
| 942 | _cBK | ||
| 999 |
_c6362 _d6360 |
||